000 00684nam a22002417a 4500
003 CHAP
005 20220329134914.0
008 971013s r 00010 d
010 _a27847
011 _a28819
035 _a32930
040 _cCHAP
090 _aR-789
100 0 0 _aMcAtee, W. L.
_973350
245 _aLocal supression of agricultural pests by birds
500 _aSobretiro de: Smithsonian Report for 1920. pp. 411-438, 1922
590 _aBATCH-UPD
_b10
_c20130110
_lUCH01
_h1141
590 _aCONVERSION
_b10
_c20130109
_lUCH01
_h1316
650 1 4 _aAgricultura
_xPlagas.
_91764
901 _aBK
942 _cREIMP
949 _aR-789
_bBC
_cR
_d-76658
_eTS1
_i32930
_si
999 _c27847
_d27847